|
|
|
|
| LEADER |
00000cam a2200000 7i4500 |
| 001 |
0000035590 |
| 005 |
20130510.0 |
| 008 |
130510 |
| 020 |
|
|
|a 0071793209
|
| 090 |
0 |
0 |
|a 658.812
|b GAL
|
| 100 |
1 |
|
|a Gallo, Carmine
|
| 245 |
1 |
4 |
|a The apple experience :
|b secrets to building insanely great customer loyalty
|c Carmine Gallo
|
| 260 |
|
|
|a New York :
|b Mc Graw Hill ,
|c 2006
|
| 650 |
|
0 |
|a Creative thinking
|
| 650 |
|
0 |
|a Customer satisfaction
|
| 650 |
|
0 |
|a Customer services
|
| 999 |
|
|
|a 0000119824
|b Book
|c Adult Collection
|e Cawangan Muar
|
| 999 |
|
|
|a 0001198235
|b Book
|c Adult Collection
|e Cawangan Pontian
|
| 999 |
|
|
|a 0001198239
|b Book
|c Adult Collection
|e Cawangan Bandar Penawar
|
| 999 |
|
|
|a 0001198242
|b Book
|c Adult Collection
|e Cawangan Bandar Tenggara
|
| 999 |
|
|
|a 0001198243
|b Book
|c Adult Collection
|e Cawangan Mersing
|
| 999 |
|
|
|a 0001198245
|b Book
|c Adult Collection
|e Cawangan Segamat
|
| 999 |
|
|
|a 0001198246
|b Book
|c Adult Collection
|e Perbadanan Perpustakaan Awam Johor
|